Zufällige europäische Städte zu Land - Statistiken

Allgemein
  • Dieses Quiz wurde 408 mal gespielt
  • Das Durchschnittsergebnis liegt bei 15 aus 20
Antwortstatistiken
Stadt Land % Korrekt
Tirana Albanien
100%
Brüssel Belgien
100%
Sofia Bulgarien
100%
Aalborg Dänemark
100%
Hamburg Deutschland
100%
München Deutschland
100%
Köln Deutschland
100%
Frankfurt am Main Deutschland
100%
Stuttgart Deutschland
100%
Leipzig Deutschland
100%
Tallinn Estland
100%
Marseille Frankreich
100%
Lyon Frankreich
100%
Toulouse Frankreich
100%
Athen Griechenland
100%
Rhodos Griechenland
100%
Reykjavik Island
100%
Mailand Italien
100%
Neapel Italien
100%
Bologna Italien
100%
Florenz Italien
100%
Venedig Italien
100%
Verona Italien
100%
Zagreb Kroatien
100%
Zagreb Kroatien
100%
Split Kroatien
100%
Amsterdam Niederlande
100%
Den Haag Niederlande
100%
Eindhoven Niederlande
100%
Oslo Norwegen
100%
Wien Österreich
100%
Innsbruck Österreich
100%
Warschau Polen
100%
Lissabon Portugal
100%
Porto Portugal
100%
Moskau Russland
100%
Wolgograd Russland
100%
Zürich Schweiz
100%
Bern Schweiz
100%
Madrid Spanien
100%
Barcelona Spanien
100%
Valencia Spanien
100%
Sevilla Spanien
100%
Las Palmas Spanien
100%
Prag Tschechien
100%
Kiew Ukraine
100%
Budapest Ungarn
100%
London Vereinigtes Königreich
100%
Birmingham Vereinigtes Königreich
100%
Sheffield Vereinigtes Königreich
100%
Newcastle Vereinigtes Königreich
100%
Turin Italien
95%
Kopenhagen Dänemark
92%
Rom Italien
92%
Stockholm Schweden
92%
Genf Schweiz
92%
Palma Spanien
92%
Istanbul Türkei
92%
Glasgow Vereinigtes Königreich
92%
Palermo Italien
91%
Genua Italien
91%
Kasan Russland
91%
Berlin Deutschland
90%
Nantes Frankreich
90%
Bordeaux Frankreich
90%
Riga Lettland
90%
Vilnius Litauen
90%
St. Petersburg Russland
90%
Belgrad Serbien
90%
Leeds Vereinigtes Königreich
90%
Helsinki Finnland
89%
Pristina Kosovo
89%
Luxemburg Luxemburg
89%
Winterthur Schweiz
89%
Rennes Frankreich
88%
Reims Frankreich
88%
Rotterdam Niederlande
88%
Klagenfurt Österreich
88%
Bukarest Rumänien
88%
Bratislava Slowakei
88%
Murcia Spanien
87%
Sarajewo Bosnien und Herzegowina
86%
Nizza Frankreich
86%
Montpellier Frankreich
86%
Cork City Irland
86%
St. Pölten Österreich
86%
Lausanne Schweiz
86%
Pilsen Tschechien
86%
Breslau Polen
85%
Luzern Schweiz
85%
Paris Frankreich
83%
Straßbourg Frankreich
83%
Groningen Niederlande
83%
Donezk Ukraine
83%
Minsk Weißrussland
83%
Patras Griechenland
82%
Malmö Schweden
82%
Málaga Spanien
82%
Antwerpen Belgien
80%
Dublin Irland
80%
Catania Italien
80%
Kattowitz Polen
80%
Göteborg Schweden
80%
Limerick Irland
79%
Lille Frankreich
78%
Cannes Frankreich
78%
Bergen Norwegen
78%
Łódź Polen
78%
Västerås Schweden
78%
Basel Schweiz
78%
Tromsø Norwegen
75%
Nischni Nowgorod Russland
75%
Charkiw Ukraine
75%
Piräus Griechenland
73%
Funchal Portugal
73%
Uppsala Schweden
73%
Thessaloniki Griechenland
71%
Galway Irland
71%
Graz Österreich
71%
Woronesch Russland
71%
Odense Dänemark
70%
Valletta Malta
70%
Banja Luka Bosnien und Herzegowina
67%
Tampere Finnland
67%
Grenoble Frankreich
67%
Rijeka Kroatien
67%
Chișinău Moldawien
67%
Maastricht Niederlande
67%
Bregenz Österreich
67%
Danzig Polen
67%
St. Gallen Schweiz
67%
Dnipro Ukraine
67%
Vaduz Liechtenstein
64%
Skopje Nordmazedonien
64%
Cardiff Vereinigtes Königreich
64%
Ufa Russland
63%
Bilbao Spanien
63%
Belfast Vereinigtes Königreich
63%
Padua Italien
62%
Ostrau Tschechien
62%
Aarhus Dänemark
60%
Saporischschja Ukraine
60%
Gent Belgien
58%
Iraklio Griechenland
57%
Osijek Kroatien
57%
Utrecht Niederlande
57%
Saragossa Spanien
57%
Podgorica Montenegro
56%
Tilburg Niederlande
56%
Dornbirn Österreich
56%
Saratow Russland
56%
Odessa Ukraine
54%
Nuuk Dänemark
50%
Tartu Estland
50%
Messina Italien
50%
Vila Nova de Gaia Portugal
50%
Krasnodar Russland
50%
Laibach Slowenien
50%
Espoo Finnland
45%
Oulu Finnland
45%
Bari Italien
45%
Cluj-Napoca Rumänien
45%
Stettin Polen
44%
Rostow am Don Russland
44%
Kópavogur Island
43%
Kumanovo Nordmazedonien
43%
Constanța Rumänien
43%
Debrezin Ungarn
43%
Košice Slowakei
42%
Turku Finnland
40%
Linz Österreich
40%
Samara Russland
40%
Plowdiw Bulgarien
38%
Brünn Tschechien
38%
Segedin Ungarn
38%
Pula Kroatien
33%
Trondheim Norwegen
33%
Timișoara Rumänien
33%
Krainburg Slowenien
33%
Kaunas Litauen
31%
Marburg Slowenien
31%
Warna Bulgarien
30%
Klaipéda Litauen
27%
Tiraspol Moldawien
27%
Durrës Albanien
25%
Vukovar Kroatien
25%
Stavanger Norwegen
25%
Perm Russland
25%
Daugavpils Lettland
22%
Schaan Liechtenstein
22%
Sandvika Norwegen
21%
Homel Weißrussland
17%
Mischkolz Ungarn
15%
Jelgava Lettland
14%
Lemberg Ukraine
13%
Birkirkara Malta
8%
Krakau Warschau
0%
Mahiljou Weißrussland
0%
Keine übereinstimmenden Quizze gefunden
Verteilung der Resultate
Anzahl Personen mit jedem Resultat
Perzentil nach korrekt beantworteten Fragen
Ihre Resultats-Entwicklung
Sie haben dieses Quiz noch nicht gespielt